000 00701nam a2200241Ia 4500
003 OSt
005 20220926010008.0
006 a|||||r|||| 00| 0
007 ta
008 220923b |||||||| |||| 00| 0 eng d
020 _a8185229643
037 _cGeneral Book
040 _aRTL
_cRTL
_beng
041 _2eng
_aeng
082 _aX61.2.N, P2
100 _aBagchi Amiya Kumar Ed.
245 0 _aMoney and credit in Indian history
_b From early medieval times
260 _a New Delhi
_bTulika Books India
_c2002
300 _axli,228p
_ccm.
490 _aIndian History Congress
942 _hX61.2.N, P2
_cGB
_2CC
999 _c616047
_d616047